| 000 | 01145nam a22003017i 4500 | ||
|---|---|---|---|
| 003 | DO-SdBNP | ||
| 005 | 20260305073957.0 | ||
| 007 | ta | ||
| 008 | 230327b2012 dr a|||| |||| 00| 0 spa d | ||
| 020 | _a9789945005394 | ||
| 040 |
_aDO-SdBNP _bspa _cBNPHU _erda |
||
| 082 | 4 |
_a320.97293 _bR173L _222 |
|
| 100 | 1 |
_aRamírez Morillo, Belarminio, _d1964- _92520 |
|
| 245 | 1 | 0 |
_aLeonel como paradigma : _bdescifrando las claves de su liderazgo eficaz / _cBelarminio Ramírez Morillo. |
| 264 |
_aSanto Domingo : _bFESJE, _c2012. |
||
| 300 |
_a306 páginas : _bil., retratos. ; _c24 cm. |
||
| 336 |
_2rdacontent _atexto _btxt |
||
| 337 |
_2rdamedia _asin mediación _bn |
||
| 338 |
_2rdacarrier _avolumen _bnc |
||
| 500 | _aIncluye datos biográficos del autor del autor en las solapas e índice onomástico | ||
| 504 | _aBibliografía : p. 295-299 | ||
| 590 | _aInventariado, 2023/BT | ||
| 600 | 1 | 0 |
_aFernández, Leonel, _d1953- _97291 |
| 651 | 0 |
_aRepública Dominicana _xPolítica y gobierno _945 |
|
| 710 | 2 |
_aFundación de Estudios Sociopoliticos, Jurídicos y Económicas (República Dominicana) _983163 |
|
| 910 | _aBtavárez | ||
| 942 |
_2ddc _cLBS1 |
||
| 999 |
_c53172 _d53172 |
||